000 00514nam a22002057a 4500
003 OSt
005 20160922183724.0
008 160922b xxu||||| |||| 00| 0 eng d
020 _a0273693581
040 _cDDC.
082 _a658.8BLY 2004.
100 _aBlythe,Jim;
_911108
245 _aEssentials of Marketing.
250 _a3rd ed.
260 _aEngland.
_bPrentice Hall;
_c2004.
300 _axix,354p;
_bcol,ill;
_c24cm.
504 _aincludes index.
650 _aMarketing.
_9518
942 _2ddc
_cO_SHELF
999 _c5280
_d5280